|
|
|
|
| LEADER |
00852nam a2200241 a 4500 |
| 001 |
3622095 |
| 008 |
091102s1999 ii 001 0 eng d |
| 999 |
|
|
|c 7430
|d 7430
|
| 010 |
|
|
|a 73919620
|
| 020 |
|
|
|a 8170126568
|
| 040 |
|
|
|a DLC
|c DLC
|d DLC
|
| 082 |
0 |
0 |
|a 346.54066
|
| 100 |
1 |
|
|a Singh, Avtar,
|d 1932-
|9 32799
|
| 245 |
1 |
0 |
|a Company law /
|c Avtar Sing
|
| 250 |
|
|
|a 12th ed.
|
| 260 |
|
|
|a Lucknow,
|b Eastern Book Co.
|c 1999
|
| 300 |
|
|
|a CXII, 663 p.
|c 22 cm.
|
| 504 |
|
|
|a Icludes bibliographical reference and index.
|
| 541 |
1 |
|
|e 00012521
|
| 650 |
|
0 |
|a Corporation law
|z India.
|9 32800
|
| 852 |
4 |
|
|a Ayesha Abed Library
|j General Shelf
|
| 942 |
0 |
0 |
|0 1
|2 ddc
|c BK
|
| 952 |
|
|
|0 0
|1 0
|2 ddc
|4 0
|6 346_540600000000000_SIN
|7 0
|9 7955
|a BRACUL
|b BRACUL
|c GEN
|d 2010-02-10
|l 14
|m 92
|o 346.5406 SIN
|p 3010012521
|r 2025-02-24
|s 2024-10-07
|t 1
|w 2010-02-10
|y BK
|x Price not available in Register
|